000
00256nam a22001217a 4500
008
180227b xxu||||| |||| 00| 0 eng d
041
_a
eng
080
_a
37
100
_a
48
101
_a
EDU
245
_a
THE MAGIC WORD
_c
ALBERT.J.H
942
_2
udc
_c
BK
999
_c
43601
_d
43601